=LDR 00000nam 2200000 4500 =001 INLIS000000000004290 =005 20250704105318 =035 ##$$a 0010-0725000101 =007 ta =008 250704################g##########0#ind## =082 ##$$a 305.310 =084 ##$$a 305.310 ISW p =100 #$$a Iswarati =245 1#$$a Penelitian Operasional Evaluasi Intervensi Partisipasi Pria Dalam Keluarga Berencana di Kabupaten Gunung Kidul dan Kulon Progo D.I. Yogyakarta /$c Iswarati =260 ##$$a Jakarta :$b BKKBN,$c 2002 =300 ##$$a iii, 19 hlm : $b ilus ; $c 29 cm =650 #4$$a Program KB =504 ##$$a Bibliografi : halaman 19